Eliminating human poverty: macroeconomic and social policies for equitable growth (Record no. 22943)
[ view plain ]
| 000 -LEADER | |
|---|---|
| fixed length control field | 00713 a2200193 4500 |
| 000 - LEADER | |
| fixed length control field | BKB |
| 001 - CONTROL NUMBER | |
| control field | 145296 |
| 005 - DATE AND TIME OF LATEST TRANSACTION | |
| control field | 20200902170923.0 |
| 008 - FIXED-LENGTH DATA ELEMENTS--GENERAL INFORMATION | |
| fixed length control field | |
| 020 ## - INTERNATIONAL STANDARD BOOK NUMBER | |
| International Standard Book Number | 9788125033868 |
| 082 ## - DEWEY DECIMAL CLASSIFICATION NUMBER | |
| Classification number | 362.556109 |
| Item number | M47E |
| 100 1# - MAIN ENTRY--PERSONAL NAME | |
| Personal name | Mehrotra, Santosh |
| 245 1# - TITLE STATEMENT | |
| Title | Eliminating human poverty: macroeconomic and social policies for equitable growth |
| Statement of responsibility, etc | by Santosh Mehrotra and Enrique Delamonica |
| 260 ## - PUBLICATION, DISTRIBUTION, ETC. (IMPRINT) | |
| Place of publication, distribution, etc | Hyderabad |
| Name of publisher, distributor, etc | Orient Blackswan |
| Date of publication, distribution, etc | 2007 |
| 300 ## - PHYSICAL DESCRIPTION | |
| Extent | 432p. |
| 630 ## - SUBJECT ADDED ENTRY--UNIFORM TITLE | |
| Uniform title | Social Work |
| 690 ## - LOCAL SUBJECT ADDED ENTRY--TOPICAL TERM (OCLC, RLIN) | |
| Topical term or geographic name as entry element | Developing countries; Poverty--Government policy; Social policy; Economic policy; Human services; Poverty; Economic development |
| 700 ## - ADDED ENTRY--PERSONAL NAME | |
| Personal name | Delamonica, Enrique |
| Numeration | |
| Titles and other words associated with a name | |
| Withdrawn status | Lost status | Damaged status | Not for loan | Home library | Current library | Date acquired | Cost, normal purchase price | Total Checkouts | Full call number | Barcode | Date last seen | Price effective from | Koha item type |
|---|---|---|---|---|---|---|---|---|---|---|---|---|---|
| Central University Of Rajasthan | Central University Of Rajasthan | 19/05/2014 | 0.00 | 362.556109 M47E | 19200 | 21/11/2024 | 02/09/2020 | Books |
